Riconosci il Pokémon - Quiz n°268 - Statistics

Statistiche generali
  • Questo quiz è stato fatto 0 volte
  • Il punteggio medio è 0 su 10
Statistiche sulle risposte
Indizio Risposta % Corretto
Altezza 0,70 m
0%
Sesso 100% ♂
0%
Tasso di cattura 150 (29.5%)
0%
Peso 17,7 kg
0%
Tipo Coleottero
0%
Tasso di allevamento Irregolare
0%
Stadio evoluzione Non si evolve
0%
Abilità Risplendi; Aiutinsetto; Burla
0%
Generazione Terza
0%
Pokémon Volbeat
0%
Nessun quiz corrispondente trovato
Distribuzione punteggi
Percentuale di utenti per punteggio
Percentile per numero di risposta
I tuoi punteggi nel tempo
Non hai fatto questo quiz